What Movie? One Word Movie Quiz Stats

 Plays Quiz Updated Sep 25, 2017

Challenge
Share
Tweet
Embed
Score 0/45 Timer 08:00
0 Plays Today
Letter Movies % Correct
BBraveheart
85.3%
GGladiator
78.1%
BBatman
73.8%
BBig
71.3%
AArgo
67.3%
IInception
66.4%
CClueless
65%
FFargo
62.7%
GGoodfellas
61.5%
DDeadpool
60.5%
EElf
60.3%
GGhost
57.9%
HHalloween
57.7%
CCarrie
57.3%
HHannibal
54.4%
HHancock
51.7%
AAmélie
49.1%
AAvatar
46.3%
HHeat
46.1%
DDreamgirls
43.5%
CCasino
42.7%
AAmadeus
42.2%
DDrive
38.4%
Letter Movies % Correct
EElizabeth
38%
EEnchanted
37.1%
IInvictus
36.3%
CChinatown
36.3%
BBabel
27.7%
FFlight
27.6%
AAdaptation
26%
GGodzilla
22.7%
CChangeling
22.6%
HHook
22.4%
DDogma
21.3%
DDisturbia
20.4%
BBlow
20.3%
IInsomnia
20.2%
GGattaca
17.7%
EEvolution
15.7%
FFearless
13.2%
IIdentity
12.1%
FFrequency
10.9%
EEquilibrium
9.7%
IInsidious
8.9%
FFilth
8.4%

You're not logged in!

Compare scores with friends on all Sporcle quizzes.
Join for Free
OR
Log In

You Might Also Like...

Show Comments

Extras

Top Quizzes Today


Score Distribution

Your Account Isn't Verified!

In order to create a playlist on Sporcle, you need to verify the email address you used during registration. Go to your Sporcle Settings to finish the process.

Report this User

Report this user for behavior that violates our Community Guidelines.

Details: